Riches of the forest: for health, life and spirit in Africa (Record no. 56542)

MARC details
000 -LEADER
fixed length control field 00743nam a2200181 a 4500
008 - FIXED-LENGTH DATA ELEMENTS--GENERAL INFORMATION
fixed length control field 110111s2004 ||||||||||||||||| || u
020 ## - INTERNATIONAL STANDARD BOOK NUMBER
International Standard Book Number 9793361360
050 ## - LIBRARY OF CONGRESS CALL NUMBER
Classification number SD 543 Ric
100 ## - MAIN ENTRY--PERSONAL NAME
Personal name Shanley, Patricia
245 10 - TITLE STATEMENT
Title Riches of the forest: for health, life and spirit in Africa
Statement of responsibility, etc. edited by Citlalli Lopez and Patricia Shanley
260 ## - PUBLICATION, DISTRIBUTION, ETC.
Place of publication, distribution, etc. Indonesia:
Name of publisher, distributor, etc. Center for International Forestry Research (CIFOR)
Date of publication, distribution, etc. 2004
300 ## - PHYSICAL DESCRIPTION
Extent xii, 115p.: ill
350 ## - PRICE (NR) (BK AM CF MU VM SE) [OBSOLETE]
Price 0.00
650 ## - SUBJECT ADDED ENTRY--TOPICAL TERM
Topical term or geographic name entry element NON-TIMBER FOREST PRODUCTS--MANAGEMENT
650 ## - SUBJECT ADDED ENTRY--TOPICAL TERM
Topical term or geographic name entry element FORESTRY
700 ## - ADDED ENTRY--PERSONAL NAME
Personal name Lopez, Citlalli
995 ## - RECOMMENDATION 995 [LOCAL, UNIMARC FRANCE]
-- 0.00
-- CBU-MAIN LIBRARY (Kitwe)
-- 1
-- 0.00
-- 1
-- AVAILABLE
-- Feb 10, 2011
-- Annex Low-Usage Collection
Holdings
Withdrawn status Lost status Source of classification or shelving scheme Damaged status Not for loan Home library Current library Shelving location Date acquired Total Checkouts Full call number Barcode Date last seen Price effective from Koha item type
          CBU-MAIN LIBRARY, KITWE. CBU-MAIN LIBRARY, KITWE.   11/30/2022   SD 543 Ric 742453 11/30/2022 11/30/2022 MONOGRAPH